| 000 | 00000nam##2200000za#4500 |
| 001 | 9.579419 |
| 003 | CaOODSP |
| 005 | 20241203113634 |
| 007 | cr ||||||||||| |
| 008 | 150406|2003||||xxc|||||o f|0| 0 eng|d |
| 040 | |aCaOODSP|beng |
| 043 | |an-cn--- |
| 086 | 1 |aEn1-17/50-2003E-PDF |
| 110 | 1 |aCanada. |bEnvironment Canada. |
| 245 | 10|aWastewaters. Juggler technology - eco-efficient mobile unit for emptying septic tanks |h[electronic resource] |
| 260 | |aMontreal - Quebec : |bEnvironment Canada |cMarch 2003. |
| 300 | |a4p.|bcoloured figs., tables, photographs |
| 490 | 1 |aSt. Lawrence technologies |
| 500 | |aThe catalogue number (EN1-17/50-2003E) and ISBN (0-662-33500-7) for the print edition have been incorrectly copied in this electronic publication. |
| 590 | |a14-21-Supp|b2014-12-11 |
| 690 | 07|aWaste management|2gcpds |
| 690 | 07|aWaste water|2gcpds |
| 775 | 08|tEaux usées. Technologie Juggler - unité mobile éco-efficace pour la vidange des fosses septiques |w(CaOODSP)9.606873 |
| 830 | #0|aSt. Lawrence technologies.|w(CaOODSP)9.504441 |
| 856 | 40|ahttp://publications.gc.ca|qPDF|s351 KB|uhttps://publications.gc.ca/collections/collection_2014/ec/En1-17-50-2003-eng.pdf |